000 01111pam a2200349 a 4500
001 2977741
003 OSt
005 20140310182644.0
008 920622s1992 nyua 001 0 eng
010 _a 92024917
020 _a9971514044
040 _aDLC
_cDLC
_dDLC
050 0 0 _aQC 23.2
_b.R434 2002
082 0 0 _aM 530
_25th ed.
_bR31 2002
100 1 _aHalliday, David,
245 1 0 _aPhysics
_cResnick, Robert; Halliday, David; Krane, Kenneth S.
250 _a5th ed.
260 _aNew York :
_bJohn Wiley & Sons, Inc.,
_cc2002.
300 _axiv, 1198 p.
_bill. ;
_c28 cm.
500 _aIncludes index.
521 _aCollege Students
526 _c1210L-1700L
541 _j1
562 _e1
650 0 _aPhysics.
700 1 _aResnick, Robert,
_d1923-
700 1 _aKrane, Kenneth S.
856 4 _3Table of Contents
_uhttp://www.loc.gov/catdir/toc/onix05/92024917.html
906 _a7
_bcbc
_corignew
_d1
_eocip
_f19
_gy-gencatlg
942 _2lcc
_cBK
_kM
999 _c15044
_d15044